000 00673nam a2200181Ia 4500
008 090630s9999 xx 000 0 und d
082 _b13578
100 _aरांगणेकर कुमुदिनी.
245 _aमस्त उचापती.
_cरांगणेकर कुमुदिनी.
260 _bमराठे सुप्रिया.
_c1987
300 _a189
600 _aरांगणेकर कुमुदिनी.
630 _aमस्त उचापती.
655 _aलघुकथा.
700 _aरांगणेकर कुमुदिनी.
730 _aमस्त उचापती.
942 _cBOOK
999 _c265434
_d265434